Dimensions of education (Record no. 91338)

MARC details
000 -LEADER
fixed length control field 00488nam a22001577a 4500
005 - DATE AND TIME OF LATEST TRANSACTION
control field 20150210160320.0
008 - FIXED-LENGTH DATA ELEMENTS--GENERAL INFORMATION
fixed length control field 150210b xxu||||| |||| 00| 0 eng d
022 ## - INTERNATIONAL STANDARD SERIAL NUMBER
International Standard Serial Number 2249-2437
040 ## - CATALOGING SOURCE
Original cataloging agency dpl
245 ## - TITLE STATEMENT
Title Dimensions of education
260 ## - PUBLICATION, DISTRIBUTION, ETC. (IMPRINT)
Place of publication, distribution, etc Karnataka
Name of publisher, distributor, etc Vidyanidhi Prakashana
300 ## - PHYSICAL DESCRIPTION
Extent v.
Dimensions 28 cm
310 ## - CURRENT PUBLICATION FREQUENCY
Current publication frequency Thrice a year
270 ## - ADDRESS
Address Sri Sivakumar Agency,Station Road,Near Mahendrakar Circle,Gadag
City Karnataka
Postal code 582101
Electronic mail address dimensionsofedn@gmail.com
Country India
942 ## - ADDED ENTRY ELEMENTS (KOHA)
Source of classification or shelving scheme Dewey Decimal Classification
Item type Periodicals
Serial record 1
Holdings
Withdrawn status Lost status Source of classification or shelving scheme Damaged status Not for loan Collection code Home library Current library Date acquired Total Checkouts Date last seen Price effective from Koha item type
    Dewey Decimal Classification   Not For Loan Non-fiction D.B.Act.Division D.B.Act.Division 10/02/2015   10/02/2015 10/02/2015 Periodicals

© Delhi Public Library
Hit Counter
free hit counter